[Event "36th Olympiad w"]
[Site "Calvia ESP"]
[Date "2004.10.18"]
[Round "4"]
[White "Paridar,S"]
[Black "Erneste,I"]
[Result "1-0"]
[WhiteElo "2242"]
[BlackElo "2310"]
[EventDate "2004.10.15"]

1. e4 e5 2. Nf3 Nc6 3. Bc4 Nf6 4. d3 Be7 5. O-O O-O 6. Bb3 d6 7. c3 a6 8.
Re1 Na5 9. Bc2 c5 10. h3 b5 11. Nbd2 Bb7 12. Nf1 Re8 13. Ng3 Bf8 14. d4 h6
15. d5 g6 16. Nh2 Nc4 17. Ng4 Nxg4 18. hxg4 Qh4 19. Nf1 Bc8 20. b3 Nb6 21.
Nh2 Bg7 22. Re3 Qe7 23. Bd2 Bd7 24. Qe2 Bf6 25. Rh3 h5 26. g3 Kg7 27. f4
exf4 28. gxf4 Nxd5 29. Rd3 Nb4 30. g5 Nxc2 31. gxf6+ Qxf6 32. Rc1 c4 33.
Rg3 Bc6 34. Rxc2 Bxe4 35. Rc1 Qh4 36. Qf2 Kh7 37. Be1 cxb3 38. axb3 Bf5 39.
Re3 d5 1-0

[Event "36th Olympiad w"]
[Site "Calvia ESP"]
[Date "2004.10.18"]
[Round "4"]
[White "Rogule,L"]
[Black "Pourkashiyan,A"]
[Result "1-0"]
[WhiteElo "2295"]
[BlackElo "2217"]
[EventDate "2004.10.15"]

1. c4 e6 2. Nc3 d5 3. d4 Nf6 4. Nf3 Nbd7 5. cxd5 exd5 6. Bg5 Be7 7. e3 c6
8. Bd3 O-O 9. Qc2 Re8 10. h3 Nf8 11. O-O Ne4 12. Bf4 Nxc3 13. bxc3 Bd6 14.
Rfe1 Ng6 15. Bg5 Be7 16. h4 Bg4 17. Bxe7 Qxe7 18. Ng5 Nxh4 19. Bxh7+ Kh8
20. f4 f6 21. Nf3 Bxf3 22. gxf3 g6 23. Bxg6 Nxg6 24. Kf2 f5 25. Qxf5 Kg7
26. Qg4 Qh4+ 27. Qxh4 Nxh4 28. e4 Ng6 29. f5 Ne7 30. Kg3 Rh8 31. Rh1 Kf7
32. Kf4 b6 33. Rag1 c5 34. e5 Raf8 35. f6 Ng6+ 36. Kf5 Nh4+ 37. Rxh4 Rxh4
38. Rg7+ Ke8 39. Rxa7 Rfh8 40. Ke6 Kd8 41. Kd6 Kc8 42. Ra8+ Kb7 43. Rxh8
Rxh8 44. f7 b5 45. a3 b4 46. axb4 cxd4 47. cxd4 Kc8 48. e6 Rd8+ 49. Ke7 1-0

[Event "36th Olympiad w"]
[Site "Calvia ESP"]
[Date "2004.10.18"]
[Round "4"]
[White "Salman,Ma"]
[Black "Berzina,I"]
[Result "0-1"]
[WhiteElo "2166"]
[BlackElo "2240"]
[EventDate "2004.10.15"]

1. e4 c6 2. d4 g6 3. Nf3 Bg7 4. c3 d5 5. Nbd2 Nd7 6. Bd3 dxe4 7. Nxe4 Ngf6
8. Nxf6+ Nxf6 9. Ne5 Nd7 10. f4 O-O 11. O-O Nxe5 12. fxe5 Be6 13. Qe2 c5
14. Be3 cxd4 15. Bxd4 Qc7 16. a3 a6 17. Qe3 Bd5 18. c4 Be6 19. Rfe1 Qd7 20.
Bb6 Qa4 21. Rac1 Rac8 22. c5 Bd5 23. Bc2 Qg4 24. Be4 Bxe5 25. c6 Bf4 26.
Qd4 Bxc1 27. Qxd5 bxc6 28. Qc5 Bxb2 29. a4 e6 30. Qc2 Be5 31. Bf3 Qf4 32.
g3 Qxf3 33. Rxe5 Rb8 34. a5 Qa3 35. Rc5 Qa1+ 36. Kg2 Rbc8 37. Qd2 e5 38.
Rc4 f6 39. Rc1 Qa4 40. Re1 c5 41. Qd5+ Kh8 42. Re4 Qc6 43. Qxc6 Rxc6 44.
Rc4 Rfc8 45. Kf3 f5 46. g4 Kg7 47. Rc3 Rd6 48. Rxc5 Rxc5 49. Bxc5 Rd5 50.
Bb6 Kf6 0-1

[Event "36th Olympiad w"]
[Site "Calvia ESP"]
[Date "2004.10.18"]
[Round "4"]
[White "Borsuk,A"]
[Black "Maric,A"]
[Result "1-0"]
[WhiteElo "2306"]
[BlackElo "2418"]
[EventDate "2004.10.15"]

1. d4 Nf6 2. Nf3 e6 3. g3 d5 4. Bg2 b5 5. O-O Nbd7 6. Qd3 a6 7. Ne5 Nxe5 8.
dxe5 Nd7 9. f4 Bb7 10. b3 Be7 11. Bb2 O-O 12. Nd2 Qb8 13. g4 Rd8 14. Qh3
Qa7+ 15. e3 Bb4 16. Rad1 Qb6 17. a3 Be7 18. Kh1 c5 19. Nf3 Rac8 20. f5 g6
21. Qh6 Bf8 22. Qf4 Bg7 23. Rd2 Nf8 24. Ng5 Rd7 25. Rdf2 Rcd8 26. Qg3 h6
27. fxe6 fxe6 28. Nf7 1-0

[Event "36th Olympiad w"]
[Site "Calvia ESP"]
[Date "2004.10.18"]
[Round "4"]
[White "Bojkovic,N"]
[Black "Igla,B"]
[Result "1/2-1/2"]
[WhiteElo "2398"]
[BlackElo "2196"]
[EventDate "2004.10.15"]

1. e4 c5 2. Nf3 d6 3. d4 cxd4 4. Nxd4 Nf6 5. Nc3 g6 6. Be2 Bg7 7. O-O O-O
8. Nb3 Nc6 9. Re1 Be6 10. Bf1 Rc8 11. Bg5 h6 12. Bh4 Nd7 13. Rb1 Re8 14.
Nd5 Nb6 15. c3 Ne5 16. Bb5 Bd7 17. Bxd7 Nbxd7 18. Nd4 g5 19. Bg3 e6 20. Ne3
a6 21. f3 Nc5 22. Re2 Qf6 23. Rd2 Bf8 24. Qe2 Red8 25. Nb3 b5 26. Rbd1 Na4
27. Ng4 Nxg4 28. fxg4 Nc5 29. Bf2 Nd7 30. Na5 Nc5 31. Bd4 Qe7 32. Qf3 Bg7
33. Nb3 Bxd4+ 34. Rxd4 Na4 35. R4d2 Nb6 36. Nd4 Nc4 37. Rf2 Ne5 38. Qh3 Kg7
39. Rdf1 Rh8 40. Ne2 h5 41. gxh5 g4 42. Qg3 Rxh5 43. Nf4 Rh6 44. Nd3 Nxd3
45. Qxd3 Rf8 46. Rf4 Rg6 47. g3 Qa7+ 48. Kg2 Qc5 49. Qd1 f5 50. exf5 exf5
51. Qd4+ Qxd4 52. Rxd4 Re6 53. Rf2 Rf7 54. a4 bxa4 55. Rxa4 d5 56. Rd4 Re5
57. Rfd2 Rb7 58. h3 gxh3+ 59. Kxh3 Rb5 60. g4 fxg4+ 61. Kxg4 Kf6 62. Kf4
Rf5+ 63. Ke3 Ke5 64. Kd3 Rf8 65. Re2+ Kd6 66. Rh4 Rf6 67. Rh7 Rb8 68. Ra7
Kc5 69. b4+ Kb6 70. Rd7 Rc8 71. Re3 Kc6 72. Ra7 Kb6 73. Rd7 Kc6 74. Rh7 Kb5
75. Rd7 Kc6 76. Rde7 Kb5 77. R7e5 Rd6 78. Re1 a5 79. bxa5 Kxa5 80. Rb1 Rdc6
81. Rxd5+ Ka6 82. Rb3 Rb6 83. Ra3+ Kb7 84. Kd4 Rh8 85. Rd7+ Kc6 86. Raa7
Rh4+ 87. Kd3 Rh3+ 88. Kc4 Rh4+ 89. Rd4 Rxd4+ 90. Kxd4 Rb1 91. Ra6+ Kb7 92.
Rh6 Rg1 93. Kc5 Rg5+ 94. Kb4 Kc7 95. c4 Rf5 96. c5 Rf1 1/2-1/2

[Event "36th Olympiad w"]
[Site "Calvia ESP"]
[Date "2004.10.18"]
[Round "4"]
[White "Vasiliev,Olg"]
[Black "Prudnikova,S"]
[Result "0-1"]
[WhiteElo "2167"]
[BlackElo "2402"]
[EventDate "2004.10.15"]

1. e4 c5 2. Nf3 Nc6 3. d4 cxd4 4. Nxd4 Nf6 5. Nc3 d6 6. f4 e5 7. Nf3 Be7 8.
Bd3 O-O 9. O-O a6 10. Kh1 b5 11. Qe1 Bb7 12. a3 Rc8 13. Nd5 Nxd5 14. exd5
Nd4 15. fxe5 Nxf3 16. Qe4 g6 17. Rxf3 dxe5 18. Bh6 Bxd5 19. Qxe5 f6 20. Qg3
Bd6 21. Qh3 Bxf3 22. gxf3 Rf7 23. Rg1 Bc5 24. Re1 Qd7 25. Qg2 Re8 26. Rf1
Bf8 27. Bd2 Rfe7 28. Rg1 Bg7 29. Bb4 0-1

[Event "36th Olympiad w"]
[Site "Calvia ESP"]
[Date "2004.10.18"]
[Round "4"]
[White "Khegai,A"]
[Black "Botsari,A"]
[Result "1-0"]
[WhiteElo "2239"]
[BlackElo "2362"]
[EventDate "2004.10.15"]

1. d4 d5 2. c4 Nc6 3. cxd5 Qxd5 4. e3 e5 5. Nc3 Bb4 6. Bd2 Bxc3 7. bxc3 Nf6
8. c4 Qd6 9. d5 Ne7 10. Qa4+ Nd7 11. Bb4 c5 12. dxc6 Qxc6 13. Qa3 Ng6 14.
h4 h5 15. Rd1 a5 16. Bd6 b6 17. Nf3 Bb7 18. Bd3 Rh6 19. Bf5 Rd8 20. O-O e4
21. Nd4 Qxc4 22. Rc1 Qd5 23. Rfd1 Nge5 24. Ne6 fxe6 25. Rxd5 Bxd5 26. Bxe5
Nxe5 27. Rc7 Nc6 28. Qc3 e5 29. Rxg7 Rf6 30. Bh3 Bf7 31. a4 Rd1+ 32. Kh2
Rd5 33. Qc4 Rdd6 34. Qb5 Kf8 35. Rg5 Rxf2 36. Qxb6 Rff6 37. Qc7 Rg6 38.
Rxh5 Kg7 39. Rf5 Rgf6 40. Rg5+ Kf8 41. Bd7 Bd5 42. Qc8+ 1-0

[Event "36th Olympiad w"]
[Site "Calvia ESP"]
[Date "2004.10.18"]
[Round "4"]
[White "Llaneza Vega,P"]
[Black "Mkrtchian,L"]
[Result "0-1"]
[WhiteElo "2181"]
[BlackElo "2374"]
[EventDate "2004.10.15"]

1. e4 e6 2. d4 d5 3. Nc3 Nf6 4. Bg5 dxe4 5. Nxe4 Be7 6. Bxf6 Bxf6 7. Nf3
O-O 8. Qd2 Nd7 9. O-O-O b6 10. Bd3 Bb7 11. h4 Be7 12. Neg5 h6 13. Bh7+ Kh8
14. Be4 Bxe4 15. Nxe4 Nf6 16. Nxf6 Bxf6 17. g4 Qd5 18. Qf4 Be7 19. Kb1 a5
20. Ne5 Kg8 21. g5 h5 22. c4 Qd6 23. g6 fxg6 24. Qe4 Rad8 25. Qxg6 Rxf2 26.
Rhg1 Bf8 27. Rgf1 Qxd4 28. Qxe6+ Kh7 29. Qg6+ Kg8 30. Rxd4 Rxf1+ 31. Kc2
Rxd4 32. Qxh5 Rf6 33. Ng6 Bd6 34. b3 c5 35. Kc3 Rf2 36. Ne5 Bxe5 37. Qe8+
Kh7 38. Qh5+ Kg8 39. Qe8+ Rf8 40. Qxe5 Rxh4 41. Kb2 Rf6 42. Ka3 Kh7 43. Qg3
Rh5 44. Qg4 Kh6 45. Qe4 Rhf5 46. Qh1+ Kg6 47. Qb7 Rf3 48. Qe4+ Kg5 49. Qe5+
Kh6 50. Qh2+ Kg6 51. Qc7 R3f4 52. Qb7 Rg4 53. Qd7 Kh5 54. Qe7 Kh6 55. Qd7
Rh4 56. Qd8 Rd4 57. Qh8+ Kg6 58. Qh1 Rg4 59. Qd5 Kh6 60. Qh1+ Kg5 61. Qd5+
Kg6 62. Qb7 Re6 63. Qf3 Rge4 64. Qf8 Rf6 65. Qa8 Re2 66. Qb7 Kh7 67. Qh1+
Rh6 68. Qf3 Rhh2 69. Qf5+ Kh6 70. Qf4+ g5 71. Qf6+ Kh5 72. Qf7+ Kh4 73.
Qh7+ Kg3 74. Qd3+ Kg4 75. Qd7+ Kf4 76. Qd6+ Kf5 77. Qd7+ Kg6 78. Qc6+ Kh5
79. Qf3+ Kh4 80. Ka4 Rhf2 81. Qd3 g4 82. Qh7+ Kg3 83. Kb5 Re6 84. Qh5 Rxa2
85. Qd5 Rae2 86. Qg5 Rb2 87. Ka4 Ra2+ 88. Kb5 Ra3 0-1

[Event "36th Olympiad w"]
[Site "Calvia ESP"]
[Date "2004.10.18"]
[Round "4"]
[White "Aginian,N"]
[Black "Gutierrez Castillo,P"]
[Result "1/2-1/2"]
[WhiteElo "2310"]
[BlackElo "2119"]
[EventDate "2004.10.15"]

1. e4 e5 2. Nf3 Nc6 3. Bb5 Nf6 4. Qe2 a6 5. Ba4 b5 6. Bb3 Bc5 7. c3 O-O 8.
O-O Re8 9. a4 Bb7 10. axb5 axb5 11. Rxa8 Qxa8 12. Qxb5 Nxe4 13. Qc4 Nd8 14.
d3 d5 15. Qa4 Nd6 16. d4 exd4 17. cxd4 Bb6 18. Nc3 Qxa4 19. Bxa4 Re7 20.
Bb3 Nc4 21. Na4 Ba7 22. Nc5 Bc6 23. Re1 Rxe1+ 24. Nxe1 Bb5 25. Ned3 Nc6 26.
Be3 Nxe3 27. fxe3 Ne7 28. Kf2 c6 29. Ba4 Bxc5 30. Nxc5 Bxa4 31. Nxa4 Kf8
32. Kf3 Nf5 33. Nc3 Ke7 34. b4 Ke6 35. b5 cxb5 36. Nxb5 Nh4+ 37. Kg3 Nf5+
38. Kf4 Ne7 39. g4 f6 40. Nc7+ Kd7 41. Nb5 Ke6 42. Nc3 Ng6+ 43. Kf3 Nh4+
44. Kg3 Ng6 45. Nb5 Ne7 46. Kf4 g6 47. Nc3 Nc8 48. e4 dxe4 49. Nxe4 Ne7 50.
Nc5+ Kd5 51. Nd7 Ke6 52. Nc5+ Kd5 53. Nd7 Ke6 54. Nf8+ Kf7 55. Nd7 Ke6 56.
Nc5+ 1/2-1/2

[Event "36th Olympiad w"]
[Site "Calvia ESP"]
[Date "2004.10.18"]
[Round "4"]
[White "Javakhishvili,L"]
[Black "Rojas,Je"]
[Result "1-0"]
[WhiteElo "2423"]
[BlackElo "2082"]
[EventDate "2004.10.15"]

1. d4 Nf6 2. c4 g6 3. Nc3 d5 4. Bg5 Ne4 5. Bh4 Nxc3 6. bxc3 Bg7 7. e3 c5 8.
cxd5 Qxd5 9. Nf3 Bg4 10. Be2 Nc6 11. O-O O-O 12. h3 Bf5 13. Nd2 cxd4 14.
cxd4 h6 15. Bf3 Qd8 16. Nb3 g5 17. Bg3 Rc8 18. Rc1 e6 19. Nc5 b6 20. Nb7
Qd7 21. Nd6 Nxd4 22. exd4 Rxc1 23. Qxc1 Bxd4 24. Rd1 e5 25. Nxf5 Qxf5 26.
Qc6 Kg7 27. Qd5 Bc3 28. Rc1 Bd4 29. Rc6 Qb1+ 30. Kh2 Qe1 31. Qd6 f6 32.
Rc7+ Rf7 33. Bd5 Rxc7 34. Qxc7+ Kg6 35. Qf7+ 1-0

[Event "36th Olympiad w"]
[Site "Calvia ESP"]
[Date "2004.10.18"]
[Round "4"]
[White "Medic,Mir"]
[Black "Cmilyte,V"]
[Result "0-1"]
[WhiteElo "2237"]
[BlackElo "2442"]
[EventDate "2004.10.15"]

1. d4 Nf6 2. Nf3 e6 3. g3 b6 4. Bg2 Bb7 5. O-O c5 6. dxc5 bxc5 7. c4 Be7 8.
Nc3 O-O 9. b3 Nc6 10. e4 d6 11. Re1 Ng4 12. Bb2 Nge5 13. Na4 Qc7 14. Rb1
Nb4 15. Bxe5 dxe5 16. Qe2 Nc6 17. Qe3 Nd4 18. Nxd4 exd4 19. Qd2 f5 20. f4
Rad8 21. Nb2 fxe4 22. Bxe4 d3 23. Qg2 d2 24. Re2 Bxe4 25. Qxe4 Bf6 26. Nd3
Rxd3 27. Qxd3 Rd8 28. Qc2 Qc6 29. Re4 d1=Q+ 0-1

[Event "36th Olympiad w"]
[Site "Calvia ESP"]
[Date "2004.10.18"]
[Round "4"]
[White "Ciuksyte,D"]
[Black "Macek,V"]
[Result "0-1"]
[WhiteElo "2361"]
[BlackElo "2230"]
[EventDate "2004.10.15"]

1. e4 e6 2. d4 d5 3. Nd2 Nf6 4. e5 Nfd7 5. c3 c5 6. Bd3 Nc6 7. Ne2 cxd4 8.
cxd4 a5 9. Nf3 Nb6 10. h4 h6 11. Rh3 a4 12. Rg3 Nb4 13. Bb1 Bd7 14. Kf1 Qc7
15. Kg1 Nc4 16. Nd2 b5 17. Nf4 Kd8 18. Nh5 g6 19. Nf6 Bc6 20. a3 Na6 21. b3
axb3 22. Qxb3 Nb8 23. Qf3 Qe7 24. Ra2 Kc7 25. Nxc4 bxc4 26. Bd2 Na6 27. Qc3
Kc8 28. h5 gxh5 29. Nxh5 Nc7 30. a4 Rxa4 31. Rxa4 Bxa4 32. Qa5 Bc6 33. Qb6
Bb7 34. Nf6 Na6 35. Ba5 Qc7 36. Qb5 Qc6 37. Qb2 Nb8 38. Bc2 Qa6 39. Bb4
Bxb4 40. Qxb4 Qa1+ 41. Kh2 Nc6 42. Qd6 Rd8 43. Rg8 Rxg8 44. Qd7+ Kb8 45.
Qd6+ Ka8 46. Nxg8 Qxd4 47. Qa3+ Kb8 48. Qf8+ Ka7 49. Qxf7 Qxe5+ 50. Kg1 d4
51. Ba4 Qd6 52. Nf6 Kb6 53. Nd7+ Ka5 54. Bd1 Ba6 55. Qh5+ e5 56. Qf5 d3 57.
Nf6 c3 58. Ne4 Qd4 0-1

[Event "36th Olympiad w"]
[Site "Calvia ESP"]
[Date "2004.10.18"]
[Round "4"]
[White "Petrenko,S"]
[Black "Caoili,A"]
[Result "1-0"]
[WhiteElo "2323"]
[BlackElo "2250"]
[EventDate "2004.10.15"]

1. e4 e5 2. Nf3 Nc6 3. Bc4 Bc5 4. c3 Nf6 5. d3 d6 6. b4 Bb6 7. Qb3 O-O 8.
Bg5 h6 9. Bh4 Qe7 10. Nbd2 Nd8 11. O-O Ne6 12. Rfe1 Nf4 13. d4 Ng6 14. Bg3
Nh5 15. a4 c6 16. a5 Bc7 17. d5 a6 18. Nf1 Qf6 19. Ne3 Nhf4 20. Qd1 h5 21.
h4 Bb8 22. Ra2 Ne7 23. Ng5 Qg6 24. Bxf4 exf4 25. Nc2 cxd5 26. exd5 Nf5 27.
Bd3 Qh6 28. Bxf5 Bxf5 29. Nd4 Bg4 30. f3 Bc8 31. Qd2 Qf6 32. Re4 Ba7 33.
Kh1 Bd7 34. Qxf4 Rac8 35. Qd2 Rc4 36. Qd3 Bb5 37. Nxb5 1-0

[Event "36th Olympiad w"]
[Site "Calvia ESP"]
[Date "2004.10.18"]
[Round "4"]
[White "Partac,E"]
[Black "Eriksson,I"]
[Result "1/2-1/2"]
[WhiteElo "2259"]
[BlackElo "2098"]
[EventDate "2004.10.15"]

1. e4 d6 2. d4 e5 3. Nf3 Nf6 4. Nc3 Nbd7 5. Bc4 Be7 6. Ng5 O-O 7. Bxf7+
Rxf7 8. Ne6 Qe8 9. Nxc7 Qd8 10. Nxa8 Nf8 11. O-O Bd7 12. f4 Qxa8 13. fxe5
dxe5 14. dxe5 Ng4 15. Rxf7 Kxf7 16. Qf1+ Kg8 17. h3 Qd8 18. Nd5 Bc5+ 19.
Kh1 Nf2+ 20. Kh2 Ng4+ 21. Kh1 Qh4 22. Bf4 Nf2+ 23. Kh2 Ng4+ 24. Kh1 Nf2+
1/2-1/2

[Event "36th Olympiad w"]
[Site "Calvia ESP"]
[Date "2004.10.18"]
[Round "4"]
[White "Jackova,J"]
[Black "Ortiz,Na"]
[Result "1-0"]
[WhiteElo "2408"]
[BlackElo "2148"]
[EventDate "2004.10.15"]

1. e4 e5 2. Nf3 Nc6 3. d4 exd4 4. Bc4 Nf6 5. e5 d5 6. Bb5 Ne4 7. Nxd4 Bd7
8. Bxc6 bxc6 9. O-O Bc5 10. f3 Ng5 11. Be3 Bb6 12. Qd2 h6 13. Nb3 Qe7 14.
Nc3 Bf5 15. Nd4 Bxd4 16. Qxd4 O-O 17. Bxg5 Qxg5 18. Rf2 Qg6 19. Rc1 a5 20.
Na4 Rfb8 21. a3 Qg5 22. Re1 Qe7 23. Qc3 Ra6 24. g4 Be6 25. h3 Rb5 26. Qd3
Ra8 27. f4 Rbb8 28. f5 Bd7 29. Qc3 Rb5 30. Qd2 Rbb8 31. f6 Qf8 32. Qd4 Re8
33. Nc5 Be6 34. Ref1 g6 35. Rf3 Rab8 36. b3 Rb5 37. Rc3 Bc8 38. Rd1 Kh7 39.
Nd3 Bb7 40. a4 Rb6 41. Re1 Ba6 42. Nc5 Bc8 43. Qf2 Be6 44. Nd3 Ra8 45. Rc5
Qc8 46. Qd4 Qd7 47. Kh2 Qc8 48. Qc3 Qa6 49. Nf4 Re8 50. Ne2 Qc8 51. Rxa5
Bxg4 52. hxg4 Qxg4 53. Ng1 Rb4 54. Nh3 Rd4 55. Ra7 Rd1 56. Rxc7 Kg8 57. Re7
Rd8 58. Rxd1 Qxd1 59. Qd3 Qe1 60. a5 1-0

[Event "36th Olympiad w"]
[Site "Calvia ESP"]
[Date "2004.10.18"]
[Round "4"]
[White "Franco,A"]
[Black "Sikorova,O"]
[Result "1-0"]
[WhiteElo "2046"]
[BlackElo "2252"]
[EventDate "2004.10.15"]

1. e4 d5 2. exd5 Nf6 3. Bb5+ Bd7 4. Bxd7+ Qxd7 5. c4 c6 6. dxc6 Qxc6 7. Qf3
Qxc4 8. Nc3 Nc6 9. Qe2 Qxe2+ 10. Ngxe2 e6 11. d4 Be7 12. O-O O-O 13. Rd1
Rfd8 14. Be3 Nb4 15. Rac1 Rac8 16. Nf4 g5 17. Nd3 Nxd3 18. Rxd3 Nd5 19. Kf1
Nb4 20. Rdd1 f5 21. g3 Bf6 22. a3 Nd5 23. Nxd5 exd5 24. Ke2 Kf7 25. Kd3 Kg6
26. h3 Be7 27. Bd2 Rxc1 28. Rxc1 Rd7 29. Rc8 a6 30. Ba5 Bf6 31. a4 Kf7 32.
b4 h5 33. b5 axb5 34. axb5 Ke6 35. Bb4 Rh7 36. f3 g4 37. fxg4 hxg4 38. hxg4
fxg4 39. Re8+ Kf5 40. Rf8 Kg6 41. Rg8+ Rg7 42. Re8 Rf7 43. Re6 Rd7 44. Bd2
Kf7 45. Re1 Rc7 46. Rh1 Kg6 47. Rh6+ Kg7 48. Rh5 Rd7 49. Rf5 b6 50. Rf4 Ra7
51. Rxg4+ Kf7 52. Rf4 Ra3+ 53. Bc3 Rb3 54. Rf2 Rxb5 55. Kc2 Ke6 56. Rf1 Be7
57. g4 Bg5 58. Rf5 Be7 59. Re5+ Kf7 60. Bd2 Bf6 61. Rf5 Kg7 62. Kc3 Ra5 63.
g5 Be7 64. Re5 Bf8 65. Kb3 Ra3+ 66. Kc2 Ra2+ 67. Kd3 Ra3+ 68. Ke2 Ra2 69.
Ke3 Ra3+ 70. Ke2 Ra2 71. Kd1 Ra1+ 72. Kc2 Ra2+ 73. Kc3 Ra3+ 74. Kb2 Rd3 75.
Bc3 b5 76. Kc2 Rg3 77. Rxd5 b4 78. Be1 Rg1 79. Bd2 Rg2 80. Kd3 Kg6 81. Rb5
Be7 82. Re5 Bd6 83. Rd5 Be7 84. Rb5 b3 85. Rxb3 Bxg5 86. Rb6+ Kf7 87. Bc3
Bd8 88. Rb7+ Ke6 89. Kc4 Rg4 90. Kc5 Rg5+ 91. Kc6 Rd5 92. Rh7 Rd6+ 93. Kc5
Bb6+ 94. Kc4 Rc6+ 95. Kd3 Bd8 96. Bb4 Rc1 97. Ke4 Rg1 98. d5+ Kf6 99. Bc3+
1-0

[Event "36th Olympiad w"]
[Site "Calvia ESP"]
[Date "2004.10.18"]
[Round "4"]
[White "Cedikova,K"]
[Black "Chirivi,Y"]
[Result "1/2-1/2"]
[WhiteElo "2263"]
[BlackElo "2070"]
[EventDate "2004.10.15"]

1. d4 d5 2. c4 e6 3. Nc3 Nf6 4. cxd5 exd5 5. Bg5 Be7 6. e3 c6 7. Bd3 Nbd7
8. Qc2 Nh5 9. Bxe7 Qxe7 10. O-O-O g6 11. g4 Ng7 12. h4 Nb6 13. Qe2 h5 14.
g5 Bf5 15. Nh3 O-O-O 16. Nf4 Bxd3 17. Qxd3 Nf5 18. Kb1 Kb8 19. Rc1 Nd6 20.
b3 Qd7 21. Ka1 Qf5 22. Qxf5 Nxf5 23. Nce2 Rhe8 24. Nd3 Nd7 25. Nef4 Re4 26.
a4 Rc8 27. Kb2 Ree8 28. Rc2 b6 29. Nb4 Kb7 30. Rhc1 Nb8 31. Rh1 Re4 32.
Nbd3 Nd7 33. Rhc1 Ree8 34. Nb4 Nb8 35. Rh1 Re4 36. Nbd3 Nd7 37. Rhc1 Ree8
38. Nb4 Nb8 39. Rh1 Re4 40. Nbd3 Nd7 41. Rhc1 1/2-1/2

[Event "36th Olympiad w"]
[Site "Calvia ESP"]
[Date "2004.10.18"]
[Round "4"]
[White "Cinar Corlulu,N"]
[Black "Tilenbaeva,J"]
[Result "1-0"]
[WhiteElo "2053"]
[BlackElo "2080"]
[EventDate "2004.10.15"]

1. e4 c6 2. d4 d5 3. exd5 cxd5 4. Bd3 Nc6 5. c3 Nf6 6. Bf4 Bg4 7. Qb3 Qc8
8. Nd2 e6 9. Ngf3 Be7 10. O-O Bxf3 11. Nxf3 O-O 12. Rae1 a6 13. Ne5 b5 14.
Qc2 Qb7 15. Re3 Rfc8 16. Qe2 g6 17. Rh3 Bf8 18. Re1 Nxe5 19. Qxe5 Bg7 20.
Qg5 Ne8 21. Qh4 h5 22. Rg3 b4 23. Bxg6 fxg6 24. Rxg6 bxc3 25. bxc3 Rxc3 26.
Rgxe6 Qf7 27. Qg5 Nf6 28. Re7 Re8 29. Rxe8+ Nxe8 30. Re7 Rd3 31. h3 Qf6 32.
Rxe8+ Kf7 33. Qxh5+ Qg6 34. Re7+ Kxe7 35. Qxg6 1-0

[Event "36th Olympiad w"]
[Site "Calvia ESP"]
[Date "2004.10.18"]
[Round "4"]
[White "Titova Boric,E"]
[Black "Berend,E"]
[Result "1/2-1/2"]
[WhiteElo "2252"]
[BlackElo "2307"]
[EventDate "2004.10.15"]

1. e4 c5 2. Nf3 e6 3. d4 cxd4 4. Nxd4 Nc6 5. Nb5 d6 6. c4 Nf6 7. N1c3 a6 8.
Na3 Be7 9. Be2 b6 10. Be3 Ne5 11. f4 Ned7 12. Bf3 Bb7 13. Qe2 O-O 14. O-O
h6 15. Rac1 Rc8 16. Kh1 Qc7 17. Nab1 Qb8 18. Nd2 Qa8 19. Bg1 Nh7 20. Na4 b5
21. Nb6 Nxb6 22. Bxb6 bxc4 23. Nxc4 d5 24. exd5 Bxd5 25. Bxd5 Qxd5 26. b3
1/2-1/2

[Event "36th Olympiad w"]
[Site "Calvia ESP"]
[Date "2004.10.18"]
[Round "4"]
[White "Bakalarz,G"]
[Black "Dengler,D"]
[Result "1/2-1/2"]
[WhiteElo "2035"]
[BlackElo "2123"]
[EventDate "2004.10.15"]

1. d4 d5 2. Nf3 e6 3. Bg5 Be7 4. Bxe7 Nxe7 5. c4 O-O 6. e3 c5 7. dxc5 Qa5+
8. Nc3 Nbc6 9. Nd4 dxc4 10. Nxc6 Nxc6 11. Bxc4 Qxc5 12. Qe2 Ne5 13. Bb3 Bd7
14. O-O Bc6 15. f3 Rad8 16. Rfd1 b5 17. Rac1 b4 18. Nd5 Qb5 19. Qxb5 Bxb5
20. Ne7+ Kh8 21. Rxd8 Rxd8 22. Rc5 a6 23. Rxe5 Re8 24. Rxb5 axb5 25. Nc6 g6
26. Kf2 Kg7 27. Nxb4 Rc8 28. Nd3 g5 29. e4 h5 30. Ke3 Kf6 31. a4 bxa4 32.
Bxa4 Rc4 33. Bb3 Rc8 34. e5+ Kf5 35. g3 g4 36. Bd1 Ra8 37. fxg4+ hxg4 38.
Nf2 Kxe5 39. Nxg4+ Kf5 40. h4 Ra2 41. b3 Rg2 42. Kf3 Rd2 43. Ne3+ Kg6 44.
g4 Rd4 45. Bc2+ Kh6 46. Ke2 Rb4 47. Kd3 f6 48. Kc3 Rf4 49. b4 Rf3 50. Kd4
Rf4+ 51. Kc5 Rf3 52. Nc4 Rg3 53. Bd1 Rg1 54. Be2 Rg2 55. Bf3 Rf2 56. Bd1
Rh2 57. g5+ fxg5 58. hxg5+ Kxg5 59. b5 Rh1 60. b6 Rxd1 61. b7 Rd8 62. Kc6
Rb8 63. Kc7 Rxb7+ 1/2-1/2

[Event "36th Olympiad w"]
[Site "Calvia ESP"]
[Date "2004.10.18"]
[Round "4"]
[White "Dedijer,S"]
[Black "Steil Antoni,F"]
[Result "1/2-1/2"]
[WhiteElo "2064"]
[BlackElo "1936"]
[EventDate "2004.10.15"]

1. d4 d5 2. c4 e6 3. Nc3 Nf6 4. cxd5 exd5 5. Bg5 Be7 6. e3 c6 7. Bd3 Nbd7
8. Nf3 O-O 9. Qc2 Re8 10. O-O Nf8 11. Rab1 Ng6 12. b4 a6 13. a4 Bd6 14.
Rfc1 h6 15. Bxf6 Qxf6 16. b5 axb5 17. axb5 Bg4 18. Nd2 Qg5 19. Nf1 h5 20.
Ng3 h4 21. Nf5 Bb8 22. bxc6 Bf3 23. g3 hxg3 24. fxg3 bxc6 25. Nd1 Bxd1 26.
Rxd1 Ne7 27. Nxe7+ Qxe7 28. Re1 Ra3 29. Rb6 Ba7 30. Rxc6 Bxd4 31. Rc7 Qe5
32. Bh7+ Kh8 33. Rxf7 Rxe3 34. Rxe3 Qxe3+ 35. Kg2 Qe2+ 36. Qxe2 Rxe2+ 37.
Kf1 1/2-1/2

[Event "36th Olympiad w"]
[Site "Calvia ESP"]
[Date "2004.10.18"]
[Round "4"]
[White "Mongontuul,B"]
[Black "Mira,H"]
[Result "1-0"]
[WhiteElo "2345"]
[BlackElo "2158"]
[EventDate "2004.10.15"]

1. e4 g6 2. d4 Bg7 3. Nc3 d6 4. Nf3 Nf6 5. a4 d5 6. e5 Ne4 7. Nxe4 dxe4 8.
Ng5 c5 9. Bb5+ Nc6 10. dxc5 Qxd1+ 11. Kxd1 Bxe5 12. Nxe4 Bf5 13. Bxc6+ bxc6
14. f3 Rb8 15. c3 O-O 16. Kc2 Rfd8 17. Bd2 Bxe4+ 18. fxe4 Rxd2+ 19. Kxd2
Rxb2+ 20. Kd3 Rxg2 21. Rab1 Ra2 22. Rb7 Rxa4 23. Rxe7 Bf6 24. Rc7 Ra3 25.
Rc1 Be5 26. Rxc6 Bxh2 27. Kd4 h5 28. Rc8+ Kg7 29. e5 Bg3 30. Rd8 g5 31. Rd7
Kf8 32. c6 Bf4 33. c7 1-0

[Event "36th Olympiad w"]
[Site "Calvia ESP"]
[Date "2004.10.18"]
[Round "4"]
[White "Horvath,Maria AUT"]
[Black "Anhchimeg,B"]
[Result "1-0"]
[WhiteElo "2094"]
[BlackElo "2235"]
[EventDate "2004.10.15"]

1. d4 Nf6 2. c4 e6 3. Nc3 Bb4 4. e3 d5 5. Bd3 O-O 6. Nge2 c5 7. cxd5 exd5
8. a3 Bxc3+ 9. bxc3 Re8 10. O-O Bg4 11. f3 Bd7 12. Ng3 Nc6 13. Ra2 Rc8 14.
Re2 Qa5 15. Bb2 Qb6 16. Kh1 Na5 17. Bc1 cxd4 18. cxd4 Nc4 19. h3 Qd6 20.
Nf5 Bxf5 21. Bxf5 Rcd8 22. g4 Nxa3 23. e4 dxe4 24. fxe4 Nc4 25. d5 h6 26.
Bf4 Qa3 27. g5 Nh5 28. gxh6 g6 29. Rg2 Nxf4 30. Rxf4 Ne3 31. Qd4 Nxf5 32.
Rxf5 Qxh3+ 33. Rh2 1-0

[Event "36th Olympiad w"]
[Site "Calvia ESP"]
[Date "2004.10.18"]
[Round "4"]
[White "Batceceg,T"]
[Black "Sommer,S"]
[Result "1-0"]
[WhiteElo "2209"]
[BlackElo "2043"]
[EventDate "2004.10.15"]

1. d4 d5 2. Nf3 Bf5 3. c4 e6 4. Qb3 Nc6 5. cxd5 exd5 6. a3 Rb8 7. Nc3 Nf6
8. Bg5 Na5 9. Qa4+ c6 10. e3 a6 11. Ne5 b5 12. Qd1 Rc8 13. Be2 h6 14. Bh4
Be7 15. O-O O-O 16. Nd3 Nc4 17. Qc1 Ne4 18. Bxe7 Nxc3 19. Qxc3 Qxe7 20. Nc5
Ra8 21. b3 Nd6 22. Bf3 Rfc8 23. Rfc1 a5 24. a4 b4 25. Qd2 Ra7 26. Qe2 Raa8
27. Bg4 Bxg4 28. Qxg4 f5 29. Qf3 Ra7 30. Rc2 Rac7 31. Rac1 Qf6 32. Na6 Ne4
33. Nxc7 Rxc7 34. Kh1 g5 35. g4 Nc3 36. Qxf5 Qxf5 37. gxf5 Rf7 38. Rxc3
bxc3 39. Rxc3 Rxf5 40. Kg2 Rf7 1-0

[Event "36th Olympiad w"]
[Site "Calvia ESP"]
[Date "2004.10.18"]
[Round "4"]
[White "Mamedjarova,Z"]
[Black "Sanchez Castillo,S"]
[Result "1/2-1/2"]
[WhiteElo "2349"]
[BlackElo "2141"]
[EventDate "2004.10.15"]

1. c4 e5 2. Nc3 Nf6 3. e3 d5 4. cxd5 Nxd5 5. Bc4 Nb6 6. Bb3 Nc6 7. Nge2 Bg4
8. d4 exd4 9. exd4 Bd6 10. Qd3 Qe7 11. a3 O-O-O 12. Be3 Rhe8 13. h3 Bxe2
14. Nxe2 g6 15. O-O f5 16. Rac1 Qh4 17. d5 Ne5 18. Qd4 Ng4 19. a4 Re4 20.
Qd2 Nxe3 21. fxe3 Qg5 1/2-1/2

[Event "36th Olympiad w"]
[Site "Calvia ESP"]
[Date "2004.10.18"]
[Round "4"]
[White "Hernandez,Z"]
[Black "Velikhanli,F"]
[Result "0-1"]
[WhiteElo "2100"]
[BlackElo "2322"]
[EventDate "2004.10.15"]

1. e4 d6 2. d4 Nf6 3. Nc3 g6 4. Nf3 Bg7 5. Bc4 O-O 6. O-O c6 7. e5 Ne8 8.
h3 d5 9. Bd3 Nc7 10. Ne2 b6 11. c3 c5 12. Nf4 Nc6 13. a3 cxd4 14. cxd4 Ne6
15. Bb5 Nb8 16. Qb3 Nxf4 17. Bxf4 a6 18. Be2 Nc6 19. Rac1 Bb7 20. Qe3 Qd7
21. b4 e6 22. Bh6 Ne7 23. g4 Kh8 24. Bxg7+ Kxg7 25. Qg5 Ng8 26. h4 Bc6 27.
h5 Bb5 28. Bxb5 axb5 29. Rc3 Rfc8 30. Rfc1 Rc4 31. Qe3 Nh6 32. Qf4 Qd8 33.
hxg6 hxg6 34. Nd2 Rxc3 35. Rxc3 Qh4 36. f3 Nf5 37. Kg2 Rh8 38. Rc1 g5 0-1